| 000 | 00947 a2200217 4500 | ||
|---|---|---|---|
| 003 | Nust | ||
| 005 | 20231002102952.0 | ||
| 010 | _a 77026752 | ||
| 020 | _a0471029777 | ||
| 040 | _cNust | ||
| 082 | 0 | 0 | _a621.382,HAY |
| 100 | 1 |
_aHaykin, Simon S., _997334 |
|
| 245 | 1 | 0 |
_aCommunication systems / _cSimon Haykin. |
| 250 | _a4th | ||
| 260 |
_aNew York : _bWiley, _c2001 |
||
| 300 |
_axvi, 620 p. : _bill. ; _c24 cm. |
||
| 505 | _aBackground and Preview (Page-1), Random Processes (Page-31), Ontinuous-Wave Modulation (Page-88), Pulse Modulation (Page183), Baseband Pulse Transmission (Page-247), Signal-Space Analysis (Page-309), Passband Digital Transmission (Page-247), Spread-Spectrum Modulation (Page-479), Multiuser Radio Communications (Page-512), Fundamental Limits in Information (Page-567), Error-Control Coding (Page-626). | ||
| 650 | 0 |
_aSignal theory (Telecommunication) _934578 |
|
| 650 | 0 | _aTelecommunication. | |
| 942 |
_2ddc _cBK |
||
| 999 |
_c211163 _d211163 |
||